000 00845cam a22002533a 4500
001 20419
003 PGUSA
005 20140828083431.0
008 070122s2007||||xxu|||||s|||||000 1 eng d
040 _aPGUSA
_beng
042 _adc
050 4 _aPS
100 1 _aFerber, Edna,
_d1885-1968
245 1 0 _aGigolo
_h[electronic resource] /
_cEdna Ferber
260 _bProject Gutenberg,
_c2007
505 0 _aThe afternoon of a faun -- Old man Minick -- Gigolo -- Not a day over twenty-one -- Home girl -- Ain't nature wonderful! -- The sudden sixties -- If I should ever travel!
506 _aPublic domain in the USA.
516 _aElectronic text
653 _aManners and customs -- Fiction
653 _aShort stories, American
830 0 _aProject Gutenberg
_v20419
856 4 0 _uhttp://www.gutenberg.org/ebooks/20419
942 _cEB
999 _c249674
_d249674